| 000 | 00357nam a2200145Ia 4500 | ||
|---|---|---|---|
| 005 | 20260328101445.0 | ||
| 008 | 260328s9999||||xx |||||||||||||| ||und|| | ||
| 100 | _aSnarskis, MIchael J. | ||
| 245 | 0 |
_aLa CerĂ¡mica Precolombina en Costa Rica / _cMIchael J. Snarskis |
|
| 250 | _a1a ed. | ||
| 260 | _bLil | ||
| 300 | _a136 p. | ||
| 650 | _aARTE | ||
| 942 | _cBK | ||
| 999 |
_c8442 _d8442 |
||